Drug abuse prevention integrated in scouting kit, (Record no. 9584)

MARC details
000 -LEADER
fixed length control field 00339nam a22001217a 4500
008 - FIXED-LENGTH DATA ELEMENTS--GENERAL INFORMATION
fixed length control field 230522b |||||||| |||| 00| 0 eng d
082 ## - DEWEY DECIMAL CLASSIFICATION NUMBER
Classification number 362.29
100 ## - MAIN ENTRY--PERSONAL NAME
Personal name Department of Education
245 ## - TITLE STATEMENT
Title Drug abuse prevention integrated in scouting kit,
Remainder of title National Drug Education Program
260 ## - PUBLICATION, DISTRIBUTION, ETC.
Date of publication, distribution, etc. 2003
300 ## - PHYSICAL DESCRIPTION
Extent 274 p.
Dimensions 25 cm
942 ## - Added entry Elements (Koha)
Source of classification or shelving scheme Dewey Decimal Classification
Holdings
Withdrawn status Lost status Source of classification or shelving scheme Damaged status Not for loan Collection code Home library Current library Shelving location Date acquired Serial Enumeration / chronology Total Checkouts Full call number Barcode Date last seen Price effective from Koha item type
    Dewey Decimal Classification     Main TEST RTC Library RTC Library Main opac 22/05/2023 177449   362.29 DOE 30018384 29/08/2023 22/05/2023 Main
Royal Thimphu College || All Right Reserved